00000000nam 2200000za 4500
0019.660872
003CaOODSP
00520230501143223
007ta
008150407|1999||||xxc|||||     f|0| 0 fre d
020 |a0-662-64133-7
040 |aCaOODSP|bfre
041 |aeng
041 |afre
043 |an-cn---
0861 |aC2-420/1999
1101 |aCanada. |bIndustrie Canada.
24510|aRépertoire des fournisseurs canadiens de matériel ferroviaire
260 |aOttawa - Ontario : |bIndustrie Canada |c1999.
300 |aTexte français, 80p. ; |c28 cm.
546 |aBilingue
563 |aReliure à spirale
590 |a99-25|b1999-06-25
69107|aTransport ferroviaire|2gcpds
69107|aApprovisionnements|2gcpds
7760#|tRépertoire des fournisseurs canadiens de matériel ferroviaire.|w(CaOODSP)9.922121
791 |tCanadian railway suppliers directory |eeng|w(CaOODSP)9.660871